| Поле | Инд. | ПП | Название | Значение |
|---|---|---|---|---|
| Тип записи | a | |||
| Библиографический уровень | m | |||
| 001 | Контрольный номер | 2d8012e7-ebbf-11da-855a-00c0262f1595 | ||
| 005 | Дата корректировки | 20140703144037.6 | ||
| 008 | Кодируемые данные | 060525 | ||
| 040 | a | Служба первич. каталог. | НБ ТвГУ | |
| 041 | a | Код языка текста | rus | |
| 080 | a | Индекс УДК | 517.928.7 | |
| 084 | a | Индекс другой классификации/Индекс ББК | В213.305.2 | |
| 090 | x | Авторский знак | М67 | |
| a | Полочн. индекс | В213.3 | ||
| 100 | 1_ | a | Автор | Митропольский Юрий Алексеевич |
| 245 | 00 | a | Заглавие | Теоретико-групповой подход в асимптотических методах нелинейной механики [Электронный ресурс] |
| c | Ответственность | Ю. А. Митропольский, А. К. Лопатин ; АН УССР, Ин-т математики | ||
| 260 | 0_ | a | Место издания | Киев |
| c | Дата издания | 1988 | ||
| b | Издательство | Наукова думка | ||
| 300 | a | Объем | 271, [1] с. | |
| b | Иллюстрации/ тип воспроизводства | ил. | ||
| 504 | a | Библиография | Библиогр.: с. 267-272. | |
| 650 | a | Основная рубрика | Нелинейная механика | |
| x | Основная подрубрика | Асимптотические методы | ||
| 650 | a | Основная рубрика | Дифференциальные уравнения | |
| 650 | a | Основная рубрика | Нелинейные уравнения дифференциальные | |
| x | Основная подрубрика | Решение | ||
| 650 | a | Основная рубрика | Группы (мат.) | |
| 653 | a | Ключевые слова | Асимптотические методы | |
| a | Ключевые слова | Группы (мат.) | ||
| a | Ключевые слова | Дифференциальные уравнения | ||
| a | Ключевые слова | Механика | ||
| a | Ключевые слова | Нелинейная механика | ||
| a | Ключевые слова | Нелинейные дифференциальные уравнения | ||
| 700 | 1_ | a | Другие авторы | Лопатин Алексей Константинович |
| e | Роль лиц | авт. | ||
| 954 | a | Дата поступления на обработку | 20060531 |